Allgemeinwissen leicht #4 - Statistiken

Allgemein
  • Dieses Quiz wurde 1.377 mal gespielt
  • Das Durchschnittsergebnis liegt bei 19 aus 20
Antwortstatistiken
Hint Antwort % Korrekt
Was ist 1+3? 4
99%
In welcher Stadt steht das Brandenburger Tor? Berlin
99%
Leben wir im so genannten "Abendland" oder im "Morgenland"? Abendland
98%
Was ist das größte Land der Welt? Russland
98%
Wie viele Finger hat ein Mensch normaler Weise? 10
97%
In welchem Jahr begann der Zweite Weltkrieg? 1939
97%
Wie viele Spieler hat eine Basketballmannschaft? 5
97%
Wie viele Nachbarländer hat die BRD? 9
97%
In welcher Einheit wird das Gewicht von Menschen gemessen? Kilogramm
97%
Wusste George Washington von der Existenz von Dinosauriern? Nein
97%
Wie heißt die Hauptstadt von Polen? Warschau
97%
Was ist 5*3? 15
96%
In welchem Jahr fiel die Berliner Mauer? 1989
96%
Welches Land began den Zweiten Weltkrieg? Deutschland
96%
Wie viele Stadtstaaten hat Deutschland? 3
95%
In welchem Land ist der Dudelsack Nationalinstrument? Schottland
95%
Wie heißt die Hauptstadt von Japan? Tokio
93%
Welches Tier benötigt man für die Sportart Polo? Pferd
92%
Wie heißt die berühmte Radrundfahrt durch Frankreich? Tour de France
91%
Welcher Ozean liegt zwischen Europa und Amerika? Atlantischer Ozean
83%
Keine übereinstimmenden Quizze gefunden
Verteilung der Resultate
Anzahl Personen mit jedem Resultat
Perzentil nach korrekt beantworteten Fragen
Ihre Resultats-Entwicklung
Sie haben dieses Quiz noch nicht gespielt